000 00531ntaaa2200193 4500
003 01
005 20251027202523.0
008 0714s1973 ag 01
040 _aAR-BaBN
_bspa
_cAR-BaBN
_eaacr
_dRIC
082 _a239.9000 Eu4
100 _aEucken, Rodolfo
_916105
245 _aHacia la religión
250 _a1 ed.
260 _aBuenos Aires :
_bJunta Bautista de Publicaciones,
_c1919
300 _a37 p.
500 _aApologética. Este ejemplar está marcado para otra re-edición.
650 _aApologética
942 _cBK
999 _c20225
_d20225